000 00831nam a22002657a 4500
001 BR8900741
003 BR-BrBNA
005 20230928093143.0
007 ta
008 230509b bl.||||| |||| 00| 0 por d
040 _aBR-BrBNA
_bpor
_cBiblioteca Nacional de Agricultura
041 _a(Por)
072 _aE14
_b/G514
090 _ E14 BR8900741
110 1 _aDelegacia Federal de Agricultura na Paraiba, Joao Pessoa (Brasil). Seccao de Programacao
_93095
245 1 _aRelatorio de avaliacao do desempenho fisico e financeiro dos projetos/atividades; segundo trimestre de 1982 [Paraiba]
260 3 _aJoao Pessoa, PB (Brasil):
_c1982.
300 _a18 p.
500 _a20 tables
650 _aPLANEJAMENTO AGRICOLA
650 _aDIRETRIZ
650 _aPARAIBA
909 _a202309
_bLucia
_c55
_dLucia Elande
942 _cBK
999 _c43300
_d43300